Statistics for Airports by City

Click here to take the quiz!

General Stats

  • This quiz has been taken 21 times
  • The average score is 9 of 30

Answer Stats

HintAnswer% Correct
New York CityJohn F. Kennedy International Airport
90%
LondonHeathrow Airport
86%
ParisCharles de Gaulle Airport
81%
ChicagoO'Hare International Airport
67%
RomeFiumicino Airport
48%
New DelhiIndira Gandhi International Airport
48%
AmsterdamAmsterdam Airport Schipol
43%
BostonBoston Logan International Airport
43%
TokyoHaneda Airport
43%
WarsawWarsaw Chopin Airport
43%
WashingtonWashington Dulles International Airport
43%
MontréalMontréal-Pierre Elliott Trudeau International Airport
33%
SingaporeSingapore Changi Airport
33%
NairobiJomo Kenyatta International Airport
29%
SeattleSeattle-Tacoma International Airport
29%
Buenos AiresMinistro Pistarini International Airport
24%
OsakaKansai International Airport
19%
JohannesburgO.R. Tambo International Airport
19%
SydneySydney Kingsford Smith Airport
19%
SeoulIncheon International Airport
14%
ManilaNinoy Aquino International Airport
14%
TaipeiTaiwan Taoyuan International Airport
14%
AnchorageTed Stevens Anchorage International Airport
14%
MadridAdolfo Suárez Madrid-Barajas Airport
10%
RiyadhKing Khalid International Airport
10%
CaracasSimón Bolívar International Airport
10%
BogotaEl Dorado International Airport
5%
LagosMurtala Muhammed International Airport
5%
San JuanLuis Muñoz Marin International Airport
0%
Québec CityQuébec City Jean Lesage International Airport
0%

Score Distribution

Percentile by Number Answered

Percent of People with Each Score

Your Score History

You have not taken this quiz